[Event "GRE-chT Online ED & SA 2nd"]
[Site "Tornelo INT"]
[Date "2022.05.14"]
[Round "2"]
[White "Dermentzis, Efthimios"]
[Black "Psychogios, Antonios"]
[Result "0-1"]
[WhiteElo "1417"]
[BlackElo "1602"]
[PlyCount "122"]
[EventDate "2022.05.14"]
[EventType "team-swiss (rapid)"]
[EventRounds "7"]
[EventCountry "GRE"]
[SourceTitle "EXT 2024"]
[Source "ChessBase"]
[SourceDate "2023.10.10"]
[SourceVersion "1"]
[SourceVersionDate "2023.10.10"]
[SourceQuality "1"]

1. d4 c5 2. c3 cxd4 3. cxd4 Nf6 4. Bf4 g6 5. e3 Bg7 6. Nc3 0-0 7. Nf3 d6 8. Be2 a6 9. 0-0 b5 10. a3 Bb7 11. Re1 Nbd7 12. Rc1 Nb6 13. Bd3 Rc8 14. b3 Nbd5 15. Nxd5 Nxd5 16. Bg3 Qa5 17. e4 Nf6 18. Ra1 Rc3 19. Qd2 Rfc8 20. b4 Qa4 21. Rec1 Qb3 22. Rxc3 Qxc3 23. Re1 Qxd2 24. Nxd2 Rc3 25. e5 dxe5 26. dxe5 Nh5 27. Be4 Bxe4 28. Nxe4 Rxa3 29. Bh4 Bxe5 30. Bxe7 Kg7 31. g4 Nf4 32. Nc5 Bd4 33. Kf1 Ra2 34. Ne4 Nd3 35. Rd1 Ra1 36. Rxa1 Bxa1 37. Nc5 Nxb4 38. Nb3 Bc3 39. Ke2 Nd5 40. Bd8 Bf6 41. Ba5 h6 42. Nc5 Be5 43. Nxa6 Bxh2 44. Nc5 f5 45. Ne6+ Kf6 46. gxf5 gxf5 47. Nd4 b4 48. Kd3 Be5 49. Nc6 Bd6 50. Kc4 Nf4 51. Nxb4 h5 52. Nd5+ Nxd5 53. Kxd5 Bf4 54. f3 Bg5 55. Kd4 h4 56. Kd3 h3 57. Bc7 f4 58. Bd8+ Kf5 59. Bxg5 Kxg5 60. Ke2 h2 61. Kf2 h1Q 0-1

[Event "GRE-chT Online ED & SA 2nd"]
[Site "Tornelo INT"]
[Date "2022.05.14"]
[Round "1"]
[White "Psychogios, Antonios"]
[Black "Karahisaridis, Nikolaos"]
[Result "1-0"]
[WhiteElo "1602"]
[BlackElo "1167"]
[PlyCount "87"]
[EventDate "2022.05.14"]
[EventType "team-swiss (rapid)"]
[EventRounds "7"]
[EventCountry "GRE"]
[SourceTitle "EXT 2024"]
[Source "ChessBase"]
[SourceDate "2023.10.10"]
[SourceVersion "1"]
[SourceVersionDate "2023.10.10"]
[SourceQuality "1"]

1. Nf3 Nc6 2. c4 e5 3. d3 d5 4. cxd5 Qxd5 5. Nc3 Bb4 6. Bd2 Bxc3 7. Bxc3 Nf6 8. g3 0-0 9. Bg2 Qd6 10. 0-0 e4 11. dxe4 Qxd1 12. Rfxd1 Nxe4 13. Rac1 Bf5 14. Nh4 Nxc3 15. Rxc3 Bg4 16. Bf3 Bxf3 17. Nxf3 Rad8 18. Rcd3 Rxd3 19. Rxd3 Rd8 20. Rxd8+ Nxd8 21. Nd4 a6 22. Kg2 Kf8 23. Kf3 Ke7 24. Ke4 Ne6 25. f4 Nxd4 26. Kxd4 Ke6 27. e4 g6 28. g4 c6 29. b4 b6 30. f5+ gxf5 31. gxf5+ Ke7 32. e5 f6 33. e6 Kd6 34. Kc4 h5 35. a4 h4 36. h3 Ke7 37. a5 bxa5 38. bxa5 Kd6 39. Kd4 c5+ 40. Kc4 Ke7 41. Kxc5 Kd8 42. Kd6 Ke8 43. e7 Kf7 44. Kd7 1-0

[Event "GRE-chT Online ED & SA 2nd"]
[Site "Tornelo INT"]
[Date "2022.05.14"]
[Round "4"]
[White "Psychogios, Antonios"]
[Black "Parisis, Apostolos"]
[Result "1-0"]
[WhiteElo "1602"]
[BlackElo "1812"]
[PlyCount "67"]
[EventDate "2022.05.14"]
[EventType "team-swiss (rapid)"]
[EventRounds "7"]
[EventCountry "GRE"]
[SourceTitle "EXT 2024"]
[Source "ChessBase"]
[SourceDate "2023.10.10"]
[SourceVersion "1"]
[SourceVersionDate "2023.10.10"]
[SourceQuality "1"]

1. Nf3 Nf6 2. b3 d6 3. d4 g6 4. Bb2 Bg7 5. g3 0-0 6. Bg2 c5 7. d5 Bg4 8. 0-0 Nbd7 9. c4 a6 10. a4 Bxf3 11. Bxf3 Ne5 12. Bg2 Qb6 13. Qc2 Qc7 14. h3 Ned7 15. Nd2 a5 16. f4 Nb8 17. e4 Na6 18. e5 Nb4 19. Qb1 dxe5 20. Bxe5 Qc8 21. Ne4 Nxe4 22. Qxe4 Bxe5 23. fxe5 Rb8 24. Rf2 f5 25. exf6 Rxf6 26. Qxe7 Rxf2 27. Kxf2 Qf5+ 28. Kg1 Qf8 29. Qe6+ Kg7 30. Rf1 Qe8 31. Qf6+ Kg8 32. d6 Qe3+ 33. Kh2 Nc6 34. Bd5+ 1-0

[Event "Plovdiv Tringov Memorial"]
[Site "Plovdiv"]
[Date "2009.02.03"]
[Round "4"]
[White "Andonovski, Ljubisa"]
[Black "Psychogios, Antonios"]
[Result "1-0"]
[WhiteElo "2270"]
[BlackElo "1867"]
[PlyCount "27"]
[EventDate "2009.02.01"]
[EventType "swiss"]
[EventRounds "9"]
[EventCountry "BUL"]
[SourceTitle "CBM 128 Extra"]
[Source "ChessBase"]
[SourceDate "2009.03.05"]
[SourceVersion "2"]
[SourceVersionDate "2009.03.25"]
[SourceQuality "1"]

1. d4 c5 2. dxc5 e6 3. Nc3 Nf6 4. e4 Qc7 5. Nb5 Qxc5 6. Be3 Qc6 7. Nxa7 Rxa7 8. Bxa7 Qxe4+ 9. Be3 Nc6 10. c3 Bc5 11. Qd3 Bxe3 12. Qxe3 Qc2 13. Qe2 Nd4 14. cxd4 1-0